000 00317nam a22001337a 4500
999 _c13604
_d13604
020 _a978-1-009-09817-5
082 _a006.3
_bHUN
100 _aRobert Hundt
245 _aQuantum Computing for Programmers
260 _aUK
_bCambridge University
_c2022
300 _a360 Pages
650 _aProgramming,
942 _cBK